| 000 | 02404cam a2200301Ii 4500 | ||
|---|---|---|---|
| 001 | 9780849305801 | ||
| 008 | 180331s2008 nyu o 001 0 eng d | ||
| 020 |
_a9780849305801 _q(e-book : PDF) |
||
| 020 |
_z9780849305757 _q(hardback) |
||
| 024 | 7 |
_a10.1201/9780849305801 _2doi |
|
| 040 |
_aKO _beng |
||
| 041 | 0 | _aeng | |
| 082 | 0 | 4 |
_a658.785 _bM954 |
| 100 | 1 |
_aMulcahy, David E., _eauthor. |
|
| 245 | 1 | 2 |
_aA supply chain logistics program for warehouse management / _cDavid E. Mulcahy and Joachim Sydow. |
| 264 | 1 |
_aNew York : _bAuerbach Publications, _c2008. |
|
| 300 | _a1 online resource (552 pages) | ||
| 505 | 0 | _aSupply chain logistics segment or warehouse operation with a WMS program considerations -- Understanding your existing supply chain logistics segment or warehouse operation -- A company supply chain logistics or warehouse operation interaction and interface with a WMS program -- Warehouse operation receiving activities with a WMS program -- Warehouse operation in-house transport concept with a WMS program -- Warehouse operation storage concept with a WMS program -- Warehouse operation pick line position set-up and replenishment with a WMS program -- Warehouse operation customer ordered wms identified sku order fulfillment or pick activity with a WMS program -- Warehouse operation batched customer order picked WMS identified sku sort concept with a WMS program -- Warehouse operation customer order picked WMS identified sku -- Quantity and quality check and pack activities with a WMS program -- WMS identified customer order warehouse operation manifest, ship, sort and load activities with a WMS program -- WMS identified customer order returns process and disposition and trash removal warehouse operation activities with a WMS program -- Across-the-dock, pre-pack and value added, non-customer order bonded storage/pick and advance sales warehouse operation activities with a WMS program -- Warehouse operation with a WMS program project management interface and integration in an existing or in a new construction. | |
| 650 | 0 |
_aWarehouses _xManagement. |
|
| 650 | 0 |
_aPhysical distribution of goods _xManagement. |
|
| 650 | 0 | _aBusiness logistics. | |
| 650 | 0 | _aMaterials handling. | |
| 700 | 1 | _aSydow, Joachim. | |
| 856 | 4 | 0 |
_uhttps://www.taylorfrancis.com/books/9780849305801 _zClick here to view. |
| 904 | _aRUDRA_R | ||
| 905 | _aR_RANJAN | ||
| 942 | _cEB | ||
| 999 |
_c3010 _d3010 |
||